Statistiche per Riconosci la Squadra di calcio - Quiz n°290

Clicka qui per fare il quiz!

Statistiche generali

  • Questo quiz è stato fatto 2 volte
  • Il punteggio medio è 7 su 15

Statistiche sulle risposte

IndizioRisposta% Corretto
Trofei nazionali0
100%
Titoli nazionali0
100%
Colori socialiAzzurro, bianco
100%
SimboliLeone
100%
Divisione nazionale 2023-2024Quarta
100%
Trofei internazionali0
50%
Capienza Stadio12 000 posti
50%
ConfederazioneUEFA
50%
Fondazione1920
0%
Rifondazione1948
0%
Rifondazione1971
0%
Rifondazione2005
0%
Rifondazione2013
0%
Rifondazione2018
0%
SquadraFidelis Andria
0%

Distribuzione punteggi

Percentile per numero di risposta

Percentuale di utenti per punteggio

I tuoi punteggi nel tempo

Non hai fatto questo quiz